Online Catalogue and eLibrary

Vankala Marumalarchchi: (Record no. 4267)

MARC details
000 -LEADER
fixed length control field 00434nam a2200169Ia 4500
005 - DATE AND TIME OF LATEST TRANSACTION
control field 20250224015729.0
008 - FIXED-LENGTH DATA ELEMENTS--GENERAL INFORMATION
fixed length control field 240331s9999 xx 000 0 und d
082 ## - DDC Classification
Item Number - Author Mark SAR
DDC Edition Number 3065
Class No. 954
100 ## - MAIN ENTRY--PERSONAL NAME
Personal name Sarkar, S
245 #0 - TITLE STATEMENT
Title Vankala Marumalarchchi:
Remainder of title Muthaliya Katturaikal
260 ## - PUBLICATION, DISTRIBUTION, ETC.
Place of publication, distribution, etc. Chennai
Name of publisher, distributor, etc. New Century Book House
Date of publication, distribution, etc. 1988
300 ## - PHYSICAL DESCRIPTION
Extent (e.g. Volumes, Pages etc.) vi, 356 p.,
650 ## - SUBJECT ADDED ENTRY--TOPICAL TERM
Topical term or geographic name entry element Revolution
650 ## - SUBJECT ADDED ENTRY--TOPICAL TERM
Topical term or geographic name entry element Essays
650 ## - SUBJECT ADDED ENTRY--TOPICAL TERM
Topical term or geographic name entry element Renaissance
942 ## - Koha item type (Biblio)
Koha item type Books in Stacks (Lending)
Holdings
Lost status Damaged status Collection code Home library Current library Shelving location Date acquired Full call number Accession Number Item type
    Lending WERC Library WERC Library Social Science Cupboard 03/31/2024 954 SAR 3065 Books in Stacks (Lending)

© WERC Library